000 00908nam a22002537a 4500
001 5853
003 FISKH
005 20250124152007.0
008 250124b cb ||||| |||| 00| 0 eng d
020 _a9780531259771
040 _aFISKH
_beng
_cFISKH
_dFISKH
050 _aDT60.Y66
082 _a932
100 _aYomtov, Nel
245 _aAncient Egypt /
_cby Nel Yomtov
260 _aNew York :
_bChildren's Press ,
_c2013.
300 _a112 pages :
_bcolor illustrations, maps ;
_c24 cm .
490 _aThe Ancient World
520 _aExplains the development of ancient Egypt, with maps showing where the civilization was and how it expanded over time, short biographies of key historical figures, and a timeline of important events.
650 _aEgypt- History
_vJuvenile literature
650 _aEgypt- Civilization- To332 B.C.
_vJuvenile literature
942 _2ddc
_cBK
_n0
999 _c5853
_d5853